Представление документа в формате RUSMARC

ПолеНазваниеЗначение
  Тип записи a
  Библиографический уровень a
001 Контрольный номер RU/CBS_Ul/BASE/518633291
005 Дата корректировки 20240209175201.6
100 Данные общей обработки __
a Данные общей обработки 20160607d2016 ||| 0rusy0189 ca
101 Язык документа 0_
a Язык текста rus
102 Страна публикации __
a Страна публикации RU
105 Кодированные данные (монография) __
a Кодированные данные (монография) y###||||000|y
200 Заглавие и сведения об ответственности 1_
a Заглавие Цветок-бабочка
b Общее обозначение материала Текст
e Сведения, относящиеся к заглавию [триллиумы — свойства, виды, уход за ними]
f Первые сведения об ответственности М. Новоселова
300 Общие примечания __
a Общие примечания Ограничения по возрасту - 12+
461 Уровень набора _0
1 2000
a Любимая дача
463 Уровень физической единицы _0
1 001RU/CBS_Ul/BASE/518629003
1 2000
a № 5
v С. 28-32
1 210
d 2016
606 Тематические рубрики 0_
a Основная рубрика Цветоводство
610 Ключевые слова 0_
a Ключевые слова цветы
a Ключевые слова триллиум
a Ключевые слова цветоводство
686 Индексы других классификаций __
a Классификационный индекс 42.374
2 Код системы ББК
700 Автор _1
a Фамилия Новоселова
b Имя (инициалы) М.
801 Источник записи _0
a Страна RU
b Организация МБУК ЦБС г. Ульяновска
c Дата составления 20160607
g Правила каталогизации RCR
801 Источник записи _1
a Страна RU
b Организация МБУК ЦБС г. Ульяновска
c Дата составления 20160607
g Правила каталогизации RCR
901 Тип документа __
t Тип документа b
w Контрольный № источника RU/CBS_Ul/BASE/518629003
910 Корректоры записи __
a Корректор записи Библиотека 18
938 Служебная информация __
a Имя БД period